• 首页
  • 本馆介绍
  • 公告通知
  • 最新文献
  • 馆藏检索
  • 电子资源
  • 读者导购
  • 参考咨询
  • 我的图书馆
  • 登录
  • 详细信息显示
  • 放入我的书架
  • 预约/预借图书
  • 作者相关作品
  • 分类相关作品
  • 丛书相关作品
  • 出版社相关作品

书目信息

  • 表格格式
  • 工作单格式
  • 卡片格式
题名:
世界名牌大全
    
 
作者: ;创想外语研发团队 编著
分册:  
出版信息: 北京   中国纺织出版社  2019
页数: 258页
开本: 21cm
丛书名:
单 册:
中图分类: F760.5
科图分类:
主题词: 名牌--Ming Pai--商品--介绍--世界
电子资源:
ISBN: 978-7-5180-4989-9
000 01288nam0 2200265 450
001 012001006552
005 20191023143632.09
010    @a978-7-5180-4989-9@dCNY45.00
099    @aCAL 012018136167
100    @a20181030d2019 em y0chiy50 ea
101 0  @achi@ceng
102    @aCN@b110000
105    @aak z 000yy
106    @ar
200 1  @a世界名牌大全@AShi Jie Ming Pai Da Quan@f创想外语研发团队编著
205    @a第2版
210    @a北京@c中国纺织出版社@d2019
215    @a258页@c图@d21cm
300    @a英汉双语
330    @a本书根据中国人的喜好精心挑选了8大品类:尖端品牌、世界名表、品牌服装、化妆品、珠宝首饰、皮具、名酒、豪车系列。这8部分全是作者精挑细选出的世界名牌,每一个部分分为“品牌名片”、“品牌标志”、“品牌阅读”并附核心词汇。“品牌名片”一目了然列明名牌的品类、标志风格、创始人、诞生地、诞生时间;“品牌标志”展示名牌的商标;“品牌阅读”详细叙述名牌传奇、名牌经典之作等等。本书的主要篇幅为英文,词语精练儒雅,句式严谨,每一篇都是原汁原味的美文佳作,并配以绝妙的中文译文。 二版除了在内容上会做一些修订外,在版式上还会附些配图,增加可读性。
606 0  @a名牌@AMing Pai@x商品@x介绍@j世界
690    @aF760.5@v5
711 02 @a创想外语研发团队@AChuang Xiang Wai Yu Yan Fa Tuan Dui@4编著
801  0 @aCN@b上海新华@c20191020
905    @b1131808-11@dF760.5@e64=2@f4
    
    世界名牌大全/创想外语研发团队编著.-第2版.-北京:中国纺织出版社,2019
    258页:图;21cm
    英汉双语
    
    ISBN 978-7-5180-4989-9:CNY45.00
    本书根据中国人的喜好精心挑选了8大品类:尖端品牌、世界名表、品牌服装、化妆品、珠宝首饰、皮具、名酒、豪车系列。这8部分全是作者精挑细选出的世界名牌,每一个部分分为“品牌名片”、“品牌标志”、“品牌阅读”并附核心词汇。“品牌名片”一目了然列明名牌的品类、标志风格、创始人、诞生地、诞生时间;“品牌标志”展示名牌的商标;“品牌阅读”详细叙述名牌传奇、名牌经典之作等等。本书的主要篇幅为英文,词语精练儒雅,句式严谨,每一篇都是原汁原味的美文佳作,并配以绝妙的中文译文。 二版除了在内容上会做一些修订外,在版式上还会附些配图,增加可读性。
●
相关链接 在E读中查询图书 在五车中查询图书 在当当中查询图书 在豆瓣中查询图书


正题名:世界名牌大全     索取号:F760.5/64=2         预约/预借

序号 登录号 条形码 馆藏地/架位号 状态 备注
1 1131808   211318082   第一样本阅览室/ [索取号:F760.5/64=2] 在馆    
2 1131809   211318091   第一借阅区/ [索取号:F760.5/64=2] 在馆    
3 1131810   211318108   第一借阅区/ [索取号:F760.5/64=2] 在馆    
4 1131811   211318117   第一借阅区/ [索取号:F760.5/64=2] 在馆    
欢迎您!
大连网信软件有限公司© 版权所有